|
|
|
|
| LEADER |
01013nam a2200229 a 4500 |
| 001 |
000027717 |
| 003 |
CZ BrMZK |
| 005 |
20250317135403.0 |
| 008 |
950707s1992 xr f cze d |
| 015 |
|
|
|a cnb000067226
|
| 020 |
|
|
|a 80-7028-038-7
|
| 040 |
|
|
|a BOA001
|b cze
|
| 080 |
|
|
|a 37(437.1)"16":929 Komenský, Jan Amos
|2 MRF
|
| 100 |
1 |
|
|a Knoz, Tomáš,
|d 1965-
|7 jn20000401368
|
| 245 |
1 |
0 |
|a J.A. Komenský a soudobá Morava :
|b Průvodce expozicí Mor.zemského muzea otevřené v Památníku kralické tiskárny u příležitosti 400.výročí nar. ... /
|c Námět, libreto, scénář a dokumentace: T.Knoz, ...
|
| 260 |
|
|
|a Brno :
|b Moravské zemské muzeum,
|c 1992
|
| 300 |
|
|
|a Nestr.
|
| 910 |
|
|
|a BOA001
|b PK-0121.000
|
| 964 |
|
|
|a Komenský, Jan Amos - Morava - pobyt - výstavy - katalogy
|
| 990 |
|
|
|a BK
|
| 996 |
7 |
|
|b 3119926024
|c PK-0121.000
|l MZK
|r Sklad / do 1 hodiny
|n 1
|w 000027717
|u 000020
|a 1
|e BOA001
|j MZK50
|s A
|
| 996 |
7 |
|
|b 3119993386
|c PK-0121.000
|l MZK
|r Sklad / do 1 hodiny
|n 6
|w 000027717
|u 000010
|a 1
|e BOA001
|j MZK50
|s A
|